| 000 | 00605nam a2200205 i 4500 | ||
|---|---|---|---|
| 001 | 71584 | ||
| 003 | ES-MaACL | ||
| 005 | 20230906171153.0 | ||
| 007 | t| | ||
| 008 | 040813m19671970sp ||||1| spa d | ||
| 245 | 0 | 0 |
_aGeographica _b: el hombre y la tierra. |
| 260 |
_aBarcelona : _bPlaza y Janés, _c[1967-1970] |
||
| 300 |
_a10 v. : _bil. ; _c25 cm. |
||
| 505 | 8 | _aContiene: T.I-IV: Europa. -- T.V-VI: Asia. -- T.VII: Africa. -- T.VIII: Africa. -- T.IX-X: América | |
| 740 | 0 | _aEuropa. | |
| 740 | 0 | _aAsia. | |
| 740 | 0 | _aAfrica. | |
| 740 | 0 | _aAmérica. | |
| 852 |
_aES-MaACL _jA-8324-33 _bR.66513 |
||
| 999 |
_c71584 _d71584 |
||